| 000 | 00762cam a22002415a 4500 | ||
|---|---|---|---|
| 001 | 15248007 | ||
| 005 | 20151103112417.0 | ||
| 008 | 080404s2008 enka fr 001 0 eng d | ||
| 020 | _a9780750687379 | ||
| 040 |
_aDLC _cDLC _dDLC _dEG-ScBUE _beng |
||
| 082 | 0 | 4 |
_222 _a621.3 _bROB |
| 100 | 1 |
_aRobertson, Christopher R. _938645 |
|
| 245 | 1 | 0 |
_aFundamental electrical and electronic principles / _cChristopher R. Robertson |
| 250 | _a3rd ed. | ||
| 260 |
_aOxford ; _aBurlington : _bNewnes / Elsevier, _c2008. |
||
| 300 |
_axi, 291 p. : _bill. ; _c27 cm. |
||
| 500 | _aIndex : p. 289-291. | ||
| 650 | 7 |
_2BUEsh _96509 _aElectronics. |
|
| 650 | 7 |
_2BUEsh _933874 _aElectrical engineering. |
|
| 651 | _2BUEsh | ||
| 653 |
_bENGGEN _cJune2015 _cNovember2015 |
||
| 942 | _2ddc | ||
| 999 |
_c19968 _d19940 |
||